Active US Naval Aircraft - Statistics

General Stats
  • This quiz has been taken 7 times
  • The average score is 4 of 33
Answer Stats
Picture Answer % Correct
V-22 Osprey
100%
E-2 Hawkeye
50%
T-6 Texan
50%
C-130 Hercules
25%
EA-18 Growler
25%
F-16 Fighting Falcon
25%
F-5 Tiger
25%
MH-60 Seahawk
25%
T-38 Talon
25%
UH-60 Blackhawk
25%
C-26 Metroliner
0%
C-37 Gulfstream
0%
C-38 Courier
0%
C-40 Clipper
0%
E-6 Mercury
0%
EP-3 Orion
0%
F-35 Lightning II
0%
FA-18 Superhornet
0%
KC-130 Hercules
0%
MH-53 Sea Dragon
0%
MQ-25 Stingray
0%
MQ-4 Triton
0%
NU-1 Otter
0%
P-8 Poseidon
0%
T-34 Mentor
0%
T-44 Pegasus
0%
T-45 Goshawk
0%
TH-73 Thrasher
0%
U-6 Beaver
0%
UC-12 Huron
0%
UH-72 Lakota
0%
UV-18 Twin Otter
0%
X-26 Frigate Glider
0%
No matching quizzes found
Score Distribution
Percent of People with Each Score
Percentile by Number Answered
Your Score History
You have not taken this quiz